Natural Gas Policy Act.

Discusses the legislative background and provisions of the Natural Gas Policy Act of 1978, and current proposals to revise the Act in light of changed market conditions and higher oil prices. Explores natural gas regulatory problems stemming from complaints about pricing inequities and other matters...

Full description

Bibliographic Details
Corporate Authors: Library of Congress. Congressional Research Service, ProQuest (Firm)
Format: eBook
Language:English
Published: [Place of publication not identified] : [publisher not identified], 1983.
Series:U.S. Congressional Research.
Subjects:
Online Access:Connect to the full text of this electronic book

MARC

Tag First Indicator Second Indicator Subfields
LEADER 00000cam a22000001a 4500
001 in00003364113
006 m d f
007 cr bn mmmapmmp
008 100614s1983 dcu o f000 0 eng d
005 20260430223031.1
035 |a cis2007878818 
040 |a ProQuest  |c ProQuest  |d UtOrBLW 
043 |a n-us--- 
099 |a CRS-1983-ENR-0005 
110 2 |a Library of Congress.  |b Congressional Research Service. 
245 1 0 |a Natural Gas Policy Act. 
264 1 |a [Place of publication not identified] :  |b [publisher not identified],  |c 1983. 
300 |a 1 online resource. 
336 |a text  |b txt  |2 rdacontent 
337 |a computer  |b c  |2 rdamedia 
338 |a online resource  |b cr  |2 rdacarrier 
500 |a Record is based on bibliographic data in ProQuest U.S. Congressional Research Digital Collection (last viewed June 2010). Reuse except for individual research requires license from ProQuest, LLC. 
500 |a CRS Report. 
520 |a Discusses the legislative background and provisions of the Natural Gas Policy Act of 1978, and current proposals to revise the Act in light of changed market conditions and higher oil prices. Explores natural gas regulatory problems stemming from complaints about pricing inequities and other matters. 
500 |a Electronic resource. 
650 0 |a Interstate commerce. 
650 0 |a Legislative histories. 
650 0 |a Natural gas. 
655 7 |a Electronic books.  |2 local 
710 2 |a ProQuest (Firm) 
776 0 8 |i Microfiche version:   |a Library of Congress. Congressional Research Service.  |t Natural Gas Policy Act 
830 0 |a U.S. Congressional Research. 
856 4 0 |u http://proxy.library.tamu.edu/login?url=https://congressional.proquest.com/congcomp/getdoc?CRDC-ID=CRS-1983-ENR-0005  |z Connect to the full text of this electronic book  |t 0 
999 |a MARS 
999 f f |s 9d38408f-ec2f-32f0-8eec-bcc94fc77980  |i cebdc4be-3573-38af-9a97-abdc08f52727  |t 0 
952 f f |a Texas A&M University  |b College Station  |c Electronic Resources  |s www_evans  |d Available Online  |t 0  |e CRS-1983-ENR-0005  |h Other scheme 
998 f f |a CRS-1983-ENR-0005  |t 0  |l Available Online